| 000 | 00533cam a2200193ua 4500 | ||
|---|---|---|---|
| 001 | 5717 | ||
| 008 | 131008n ii |||gr||||Z||||||eng | ||
| 020 | _a81-85229-62-7 | ||
| 040 | _cMAIN | ||
| 082 | _a954.162 | ||
| 100 |
_aHabib,Irfan, _eAuthor. |
||
| 245 |
_aEssays in Indian History : _bTowards a Marxist Perception / _cby Irfan Habib . |
||
| 260 |
_aNew Delhi: _bTulika Books, _c2002. |
||
| 300 | _aix,367p. | ||
| 653 | _aHistory | ||
| 653 | _aEssays in Indian History | ||
| 653 | _aTowards a Marxist Perception | ||
| 942 | _cBK | ||
| 999 |
_c4875 _d4875 |
||